000 00565nam a22002177a 4500
001 00028902
005 20260425095505.0
008 260425b ag ||||| |||| 00| 0 spa d
020 _a8441305358
040 _aAR-CcCEOS
_bspa
_cAR-CcCEOS
041 _aspa
080 _a903:7(100)
090 _bGOW v.1
100 1 _aGowlett, John
_91127
245 _aCivilizaciones antiguas :
_bVolumen I /
_cjohn Gowlett
264 _aBarcelona :
_bFolio,
_c1996.
300 _a119 p. ;
_c24x18 cm.
650 0 _ahistoria
_990
655 0 _aarte
_9138
942 _2udc
_cBK
_n0
999 _c28948
_d28948